[Event "Weekend B"]
[Site "Monza ITA"]
[Date "2002.03.23"]
[Round "4"]
[White "Mei, Gianluca"]
[Black "Bonatti, Aldo"]
[Result "1-0"]
[WhiteElo "1588"]
[BlackElo "1429"]
[PlyCount "37"]
[EventDate "2002.03.16"]

1. e4 d6 2. d4 g6 3. c4 Bg7 4. Nc3 Nc6 5. Be3 e5 6. d5 Nd4 7. Nge2 c5 8. dxc6
Nxc6 9. a3 a6 10. Nd5 Rb8 11. Bb6 Qd7 12. Nc7+ Kf8 13. Nc3 Nd4 14. N3d5 Nf6 15.
Ba7 Nxd5 16. Nxd5 Nc6 17. Nb6 Qe7 18. Bxb8 Nxb8 19. Nxc8 1-0

[Event "Weekend B"]
[Site "Monza ITA"]
[Date "2002.03.24"]
[Round "5"]
[White "Mei, Gianluca"]
[Black "Lancianese, Giuseppe"]
[Result "1-0"]
[WhiteElo "1588"]
[BlackElo "1645"]
[PlyCount "67"]
[EventDate "2002.03.16"]

1. e4 c5 2. Nc3 d6 3. g3 e5 4. Bg2 Nf6 5. d3 Be7 6. f4 Nc6 7. Nf3 O-O 8. O-O
Bg4 9. h3 Bxf3 10. Bxf3 Nd4 11. Be3 Rc8 12. Bg2 a6 13. f5 b5 14. g4 b4 15. Ne2
Ne8 16. c3 Nc6 17. Qd2 Bh4 18. Kh2 f6 19. Ng1 h6 20. Nf3 Bg5 21. h4 Bxe3 22.
Qxe3 bxc3 23. bxc3 Qa5 24. Qd2 Rb8 25. Rab1 Nc7 26. Qc2 Nb5 27. Qb3+ Kh8 28.
Qd5 Nxc3 29. Rxb8 Nxd5 30. Rxf8+ Kh7 31. exd5 Nb4 32. g5 hxg5 33. hxg5 Nxd5 34.
g6+ 1-0

[Event "Weekend B"]
[Site "Monza ITA"]
[Date "2002.03.24"]
[Round "6"]
[White "Idili, Leonardo"]
[Black "Mei, Gianluca"]
[Result "0-1"]
[WhiteElo "1627"]
[BlackElo "1588"]
[PlyCount "76"]
[EventDate "2002.03.16"]

1. e4 e5 2. Nf3 Nc6 3. Bb5 d6 4. h3 Bd7 5. Nc3 Nf6 6. d3 Be7 7. b3 a6 8. Bc4
Na5 9. b4 Nxc4 10. dxc4 h6 11. O-O O-O 12. Re1 Be6 13. Nd5 Nh7 14. Nxe7+ Qxe7
15. Be3 Bxc4 16. a3 f5 17. Nd2 Be6 18. exf5 Bxf5 19. Qf3 b6 20. c3 Qf7 21. Ne4
Qg6 22. Nd2 Be6 23. Qe4 Qxe4 24. Nxe4 Nf6 25. Ng3 Rae8 26. f3 Nd5 27. Bd2 Nf4
28. Re3 Bc4 29. Rae1 Nd3 30. Rd1 Nb2 31. Rb1 Na4 32. Re4 Bd3 33. Rg4 Bxb1 34.
Bxh6 Rf7 35. Nh5 Ree7 36. Bg5 Re6 37. Bd8 Nxc3 38. Bxc7 Rxc7 0-1

[Event "VII Weekend B"]
[Site "Gorgonzola ITA"]
[Date "2002.11.??"]
[Round "1"]
[White "Loi, Alberto"]
[Black "Mei, Gianluca"]
[Result "1-0"]
[WhiteElo "1414"]
[BlackElo "1612"]
[PlyCount "115"]
[EventDate "2002.11.15"]

1. e4 e5 2. Nf3 Nc6 3. d4 exd4 4. Nxd4 Bc5 5. c3 Qf6 6. Be3 Nge7 7. Nb5 Bxe3 8.
fxe3 O-O 9. Nxc7 Qh4+ 10. g3 Qxe4 11. Qe2 Qxh1 12. Nxa8 Qe4 13. Nc7 Nf5 14. Nd2
Qxe3 15. O-O-O Qxe2 16. Bxe2 Rd8 17. Nc4 a6 18. Re1 d5 19. Nb6 Nfe7 20. Bf3 Kf8
21. Nbxd5 Nxd5 22. Bxd5 Ne7 23. Bf3 Rd7 24. Rd1 Rxd1+ 25. Kxd1 Ng6 26. Na8 Ne5
27. Bg2 Nc4 28. Kc1 b5 29. b3 Nd6 30. Nb6 Bb7 31. Bxb7 Nxb7 32. b4 Ke7 33. a4
Kd6 34. Kd2 Kc6 35. a5 Nd6 36. Kd3 f6 37. c4 bxc4+ 38. Nxc4 Nb5 39. Ne3 Nc7 40.
Kc4 Ne8 41. Nf5 h5 42. Nd4+ Kc7 43. b5 Nd6+ 44. Kb4 axb5 45. Nxb5+ Nxb5 46.
Kxb5 g5 47. a6 f5 48. Kc5 h4 49. Kd4 f4 50. gxf4 gxf4 51. Ke4 Kb6 52. Kxf4 Kxa6
53. Kg4 h3 54. Kxh3 Kb5 55. Kg4 Kc6 56. Kg5 Kd5 57. Kg6 Ke4 58. h4 1-0

[Event "VII Weekend B"]
[Site "Gorgonzola ITA"]
[Date "2002.11.??"]
[Round "2"]
[White "Mei, Gianluca"]
[Black "Pennati, Flavio"]
[Result "0-1"]
[WhiteElo "1612"]
[BlackElo "1500"]
[PlyCount "56"]
[EventDate "2002.11.15"]

1. e4 c5 2. Nc3 Nc6 3. g3 e6 4. Bg2 Nf6 5. d3 Be7 6. f4 d6 7. Nf3 a6 8. O-O O-O
9. h3 Rb8 10. Be3 h6 11. g4 b5 12. e5 dxe5 13. Nxe5 Nxe5 14. fxe5 Nd7 15. Qe2
Bg5 16. Rad1 Bb7 17. d4 Bxg2 18. Kxg2 Bxe3 19. Qxe3 Qe7 20. dxc5 Nxc5 21. Rd6
Qb7+ 22. Kg3 Rbc8 23. Rfd1 b4 24. Nd5 exd5 25. R1xd5 Ne6 26. Qd3 a5 27. Rxa5
Qh1 28. Qf5 Qg1+ 0-1

[Event "VII Weekend B"]
[Site "Gorgonzola ITA"]
[Date "2002.11.??"]
[Round "3"]
[White "Merlini, Luigi"]
[Black "Mei, Gianluca"]
[Result "0-1"]
[WhiteElo "1401"]
[BlackElo "1612"]
[PlyCount "40"]
[EventDate "2002.11.15"]

1. e4 e5 2. Nf3 Nc6 3. d4 exd4 4. Nxd4 Bc5 5. Be3 Qf6 6. c3 Nge7 7. Bc4 Ne5 8.
Bb3 d6 9. h3 Qg6 10. O-O Bxh3 11. g3 Qxe4 12. Bxf7+ Nxf7 13. Qf3 Qxf3 14. Nxf3
Bxf1 15. Kxf1 Bxe3 16. fxe3 O-O 17. Nbd2 Ne5 18. Kg2 Nxf3 19. Nxf3 Rae8 20. g4
Nd5 0-1

[Event "VII Weekend B"]
[Site "Gorgonzola ITA"]
[Date "2002.11.??"]
[Round "4"]
[White "Mei, Gianluca"]
[Black "Palumbo, Claudio"]
[Result "1-0"]
[WhiteElo "1612"]
[BlackElo "1510"]
[PlyCount "89"]
[EventDate "2002.11.15"]

1. e4 g6 2. d4 c6 3. c4 Bg7 4. Nc3 d6 5. Be3 Nf6 6. h3 Qa5 7. Qd2 O-O 8. Nf3
Nbd7 9. Be2 e5 10. d5 cxd5 11. cxd5 Nc5 12. O-O b6 13. b4 Qxb4 14. Rab1 Ncxe4
15. Rxb4 Nxd2 16. Nxd2 Bb7 17. Bf3 Rfc8 18. Nde4 Nxe4 19. Nxe4 Bxd5 20. Nxd6
Bxf3 21. Nxc8 Bxg2 22. Nxb6 axb6 23. Kxg2 Rxa2 24. Rxb6 Ra8 25. Rfb1 Bf8 26.
Rb8 Rxb8 27. Rxb8 Kg7 28. Bh6+ Kxh6 29. Rxf8 Kg7 30. Re8 Kf6 31. Kg3 h5 32. h4
Kf5 33. Rb8 f6 34. Rh8 Ke6 35. Kf3 Kf7 36. Ke4 Kg7 37. Ra8 Kh6 38. Ra7 g5 39.
hxg5+ Kxg5 40. Rg7+ Kh4 41. Kf5 Kh3 42. Kxf6 h4 43. Kxe5 Kh2 44. Kf4 h3 45. Rg3
1-0

[Event "VII Weekend B"]
[Site "Gorgonzola ITA"]
[Date "2002.11.??"]
[Round "5"]
[White "Fantina, Carla"]
[Black "Mei, Gianluca"]
[Result "0-1"]
[WhiteElo "1266"]
[BlackElo "1612"]
[PlyCount "72"]
[EventDate "2002.11.15"]

1. c4 Nf6 2. Nc3 c5 3. g3 g6 4. Bg2 Bg7 5. e3 O-O 6. Nge2 Nc6 7. O-O Rb8 8. d4
d6 9. h3 a6 10. Kh2 Qc7 11. a3 b5 12. cxb5 axb5 13. dxc5 dxc5 14. Rb1 Rd8 15.
Qc2 Ne5 16. Nf4 e6 17. b3 Ba6 18. Re1 g5 19. Nfe2 b4 20. Ne4 Bd3 21. Nxf6+ Bxf6
22. Qa2 Bxb1 23. Qxb1 Nd3 24. Rf1 bxa3 25. Bxa3 Qa5 26. Be4 Qxa3 27. Bxh7+ Kxh7
28. f4 Kg7 29. fxg5 Bxg5 30. Nf4 Bxf4 31. gxf4 Qb2+ 32. Qxb2+ Nxb2 33. Kg3 Rxb3
34. Kg4 Rxe3 35. Rf2 Rh8 36. h4 f5+ 0-1

[Event "VII Weekend B"]
[Site "Gorgonzola ITA"]
[Date "2002.11.??"]
[Round "6"]
[White "Casartelli, Fabio"]
[Black "Mei, Gianluca"]
[Result "1-0"]
[WhiteElo "1660"]
[BlackElo "1612"]
[PlyCount "91"]
[EventDate "2002.11.15"]

1. d4 d5 2. Nf3 Nf6 3. Bf4 Bf5 4. h3 e6 5. Nbd2 c5 6. e3 Nc6 7. c3 cxd4 8. exd4
Bd6 9. Bxd6 Qxd6 10. Nh4 O-O 11. Nxf5 exf5 12. Be2 Ne4 13. O-O Qf4 14. Nxe4
fxe4 15. Qb3 Qd6 16. Rae1 Ne7 17. f4 Nf5 18. Bg4 Ng3 19. Rf2 h5 20. Re3 h4 21.
f5 Rab8 22. f6 gxf6 23. Qd1 Kg7 24. Bf5 Rh8 25. Qg4+ Kf8 26. b3 Ke7 27. Qf4
Qxf4 28. Rxf4 Rh5 29. Bg4 Rg5 30. c4 f5 31. Bd1 Rc8 32. c5 b6 33. b4 bxc5 34.
bxc5 Rb8 35. Bb3 a5 36. Re1 a4 37. Bxd5 Rb4 38. c6 Rxd4 39. c7 Kd7 40. Bxf7
Kxc7 41. Rxh4 Rd2 42. Rh7 Kd6 43. Rh6+ Ke7 44. Bc4 Rc2 45. Rb1 Kf8 46. Rh7 1-0

[Event "XI Weekend B"]
[Site "Ceriano Laghetto ITA"]
[Date "2002.02.02"]
[Round "4"]
[White "Versari, Marino"]
[Black "Cardani, Roberto"]
[Result "0-1"]
[WhiteElo "1497"]
[BlackElo "1707"]
[PlyCount "93"]
[EventDate "2002.01.26"]

1. d4 Nf6 2. c4 g6 3. Nc3 Bg7 4. e4 d6 5. Be2 O-O 6. Nf3 e5 7. dxe5 dxe5 8.
Qxd8 Rxd8 9. Bg5 Re8 10. Nd5 Nxd5 11. cxd5 f6 12. Be3 c6 13. Bc4 Kh8 14. Ke2
cxd5 15. exd5 Nd7 16. Rhd1 a6 17. a4 b6 18. Ne1 f5 19. Kf1 f4 20. Bd2 Nc5 21.
Bb4 e4 22. Bxc5 bxc5 23. Ra2 Bf5 24. b3 g5 25. f3 e3 26. Ke2 a5 27. h3 Red8 28.
Nc2 h5 29. Na3 Rd6 30. Nb5 Rg6 31. d6 Rd8 32. Bd3 Bxd3+ 33. Rxd3 Bd4 34. Rc2 g4
35. hxg4 hxg4 36. Rd1 g3 37. Rh1+ Kg8 38. Rh5 Rd7 39. Rc1 Rgg7 40. Rch1 Kf7 41.
Rh7 Rxh7 42. Rxh7+ Ke6 43. Nc7+ Kxd6 44. Nb5+ Kc6 45. Rh6+ Kb7 46. Rd6 Rxd6 47.
Nxd6+ 0-1

[Event "VII Festival B"]
[Site "Cesenatico ITA"]
[Date "2002.09.02"]
[Round "1"]
[White "Ferri, Massimiliano"]
[Black "Grudina, Marco"]
[Result "1-0"]
[WhiteElo "1864"]
[BlackElo "1570"]
[PlyCount "75"]
[EventDate "2002.09.02"]

1. e4 e5 2. Nf3 Nc6 3. Bb5 a6 4. Ba4 Nf6 5. O-O Nxe4 6. d4 b5 7. Bb3 d5 8. dxe5
Be6 9. Nbd2 Nxd2 10. Bxd2 Be7 11. c3 O-O 12. Bf4 Qd7 13. Bc2 f6 14. Re1 f5 15.
Qd3 h6 16. h4 h5 17. b4 Qd8 18. Bg5 g6 19. Rad1 Qe8 20. a4 Rb8 21. Bb3 Kh7 22.
axb5 axb5 23. Bxe7 Qxe7 24. Bxd5 Bxd5 25. Qxd5 Na7 26. Qd7 Rfe8 27. Rd2 Kh6 28.
Ra1 Nc8 29. Ra6 Rb7 30. Qxf5 Rg8 31. Rd7 Qxd7 32. Qxd7 Nb6 33. Qf7 Rg7 34. Qf8
Nd7 35. Qf4+ Kh7 36. Ra8 Nb8 37. Qf8 Rg8 38. Ng5+ 1-0

[Event "V Open A"]
[Site "Padova ITA"]
[Date "2002.12.14"]
[Round "1"]
[White "Angelini, Marco"]
[Black "Danieli, Enrico"]
[Result "1-0"]
[WhiteElo "1600"]
[BlackElo "2118"]
[PlyCount "83"]
[EventDate "2002.12.14"]

1. e4 c6 2. d4 d5 3. e5 c5 4. c3 Nc6 5. Nf3 Bg4 6. Be2 e6 7. O-O Bxf3 8. Bxf3
cxd4 9. cxd4 Qb6 10. Nc3 Qxd4 11. Be3 Qxd1 12. Raxd1 Nxe5 13. Bxd5 exd5 14.
Nxd5 Bd6 15. Rfe1 Ne7 16. Bc5 Nxd5 17. Bxd6 O-O-O 18. Bxe5 f6 19. Rc1+ Kd7 20.
Rc5 fxe5 21. Rxd5+ Kc6 22. Rdxe5 Rd2 23. R5e2 Rhd8 24. Kf1 a5 25. Rc1+ Kb6 26.
Ke1 Rxe2+ 27. Kxe2 Re8+ 28. Kf3 Rf8+ 29. Kg3 Rd8 30. Rc2 Rd7 31. f4 a4 32. Kg4
Ka5 33. Kf5 Rf7+ 34. Ke5 b5 35. a3 g6 36. g3 Rf5+ 37. Ke6 b4 38. Rd2 Rc5 39.
Rd5 Kb5 40. Kd6 Rxd5+ 41. Kxd5 b3 42. g4 1-0

[Event "C.to Regionale Piemonte"]
[Site "Torino ITA"]
[Date "2002.04.??"]
[Round "?"]
[White "Fuggetta, Leonardo"]
[Black "Guglielmi, Nicolo'"]
[Result "1-0"]
[WhiteElo "2050"]
[BlackElo "1701"]
[PlyCount "77"]
[EventDate "2002.04.24"]

1. c4 c5 2. g3 Nf6 3. Bg2 d5 4. cxd5 Nxd5 5. Nc3 Nc7 6. Nf3 Nc6 7. O-O e5 8. d3
Be7 9. b3 O-O 10. Bb2 f6 11. Rc1 Bd7 12. h3 Rc8 13. Qd2 Be6 14. Rfd1 Qd7 15.
Kh2 Rfd8 16. Qe1 Nd5 17. e3 Ncb4 18. d4 Nxc3 19. Bxc3 Nxa2 20. dxe5 Qb5 21.
exf6 Nxc1 22. fxe7 Rxd1 23. Qxd1 Nxb3 24. Ng5 Bf7 25. Nxf7 Kxf7 26. Bd5+ Kxe7
27. Bxb3 Rd8 28. Qc2 Qd3 29. Qb2 Rd6 30. Bxg7 c4 31. Qe5+ Re6 32. Qc7+ Qd7 33.
Qxc4 Ra6 34. Qh4+ Kd6 35. Qf4+ Kc5 36. Qc4+ Kb6 37. Bd4+ Ka5 38. Qc3+ Kb5 39.
Qc5# 1-0

[Event "C.to Regionale Piemonte"]
[Site "Torino ITA"]
[Date "2002.04.??"]
[Round "?"]
[White "Fuggetta, Leonardo"]
[Black "Xausa, Flavio"]
[Result "1/2-1/2"]
[WhiteElo "2050"]
[BlackElo "1879"]
[PlyCount "85"]
[EventDate "2002.04.24"]

1. c4 Nf6 2. g3 g6 3. Bg2 Bg7 4. Nc3 O-O 5. e4 e5 6. Nge2 d6 7. O-O Nc6 8. f4
exf4 9. gxf4 Ne7 10. d4 c6 11. Kh1 Nh5 12. Be3 Rb8 13. Qc2 Be6 14. b3 f5 15. e5
Bf7 16. Rad1 Qc7 17. exd6 Qxd6 18. d5 cxd5 19. Nxd5 Nxd5 20. Bxd5 Bxd5+ 21.
Rxd5 Qc6 22. Kg1 b5 23. Nd4 Qe8 24. Qd2 bxc4 25. bxc4 Nf6 26. Ra5 Ne4 27. Qd3
Rf7 28. Nf3 Rd7 29. Rd5 Rbb7 30. Rc1 Nf6 31. Rxd7 Rxd7 32. Qb3 Re7 33. Ne5 Ne4
34. c5+ Kh8 35. c6 Bxe5 36. fxe5 Qd8 37. Rd1 Qc8 38. Qd5 f4 39. Qd8+ Re8 40. c7
Qg4+ 41. Kh1 Qf3+ 42. Kg1 Qg4+ 43. Kh1 1/2-1/2

[Event "C.to Regionale Piemonte"]
[Site "Torino ITA"]
[Date "2002.04.??"]
[Round "?"]
[White "Maccagno, Giancarlo"]
[Black "Sorcinelli, Francesco"]
[Result "1-0"]
[WhiteElo "2152"]
[BlackElo "1920"]
[PlyCount "75"]
[EventDate "2002.04.24"]

1. e4 e5 2. Bc4 Nf6 3. d3 Nc6 4. Nf3 Be7 5. O-O O-O 6. Re1 d6 7. c3 Bg4 8. h3
Bh5 9. Nbd2 d5 10. exd5 Nxd5 11. Nf1 Nb6 12. Bb3 Bd6 13. Ng3 Bg6 14. Bg5 Qd7
15. Nh4 Rae8 16. Nxg6 hxg6 17. a3 Ne7 18. Qf3 Nf5 19. Ne4 Be7 20. g4 Nd6 21.
Nc5 Qb5 22. Rxe5 Bxg5 23. Rxg5 Nd7 24. a4 Qxc5 25. Rxc5 Nxc5 26. Bc2 Re7 27. b4
Ne6 28. Qe3 Rfe8 29. Re1 Nd4 30. Qxe7 Rxe7 31. Rxe7 Nxc2 32. Kf1 b5 33. a5 Na3
34. Rxc7 Kf8 35. Ke2 Ke8 36. Kd2 Kd8 37. Rxa7 Kc8 38. Kc1 1-0

[Event "C.to Regionale Piemonte"]
[Site "Torino ITA"]
[Date "2002.04.??"]
[Round "?"]
[White "Xausa, Flavio"]
[Black "Giordana, Marco"]
[Result "1-0"]
[WhiteElo "1879"]
[BlackElo "1750"]
[PlyCount "99"]
[EventDate "2002.04.24"]

1. e4 c5 2. Nf3 d6 3. Bb5+ Bd7 4. Bxd7+ Nxd7 5. O-O g6 6. c3 Bg7 7. d4 Ngf6 8.
Re1 O-O 9. b3 e6 10. Nbd2 b5 11. Bb2 Qc7 12. c4 b4 13. dxc5 dxc5 14. Qc2 Rfd8
15. h3 Ne8 16. e5 Nb8 17. Ne4 Nc6 18. Nxc5 Nxe5 19. Bxe5 Qxc5 20. Bxg7 Nxg7 21.
Rad1 Nf5 22. Rxd8+ Rxd8 23. Rd1 Qc7 24. Rd3 a5 25. Qd2 Rxd3 26. Qxd3 a4 27.
bxa4 Qa5 28. Qd7 Qc5 29. Qb5 Qd6 30. a5 Qd1+ 31. Kh2 Qe2 32. Qb8+ Kg7 33. Qe5+
Qxe5+ 34. Nxe5 Nd6 35. a6 Nc8 36. Nc6 Kf6 37. a7 Nb6 38. Nxb4 Ke7 39. Kg3 Kd6
40. Kf4 f6 41. Ke4 Kc5 42. Na6+ Kc6 43. Nb4+ Kb7 44. Kd4 e5+ 45. Kc5 Kxa7 46.
Nd5 Na4+ 47. Kd6 Nb2 48. c5 Nc4+ 49. Kd7 e4 50. Nxf6 1-0

[Event "Autunno Scacchistico Magistrale"]
[Site "Venezia ITA"]
[Date "2002.10.??"]
[Round "1"]
[White "Bosiocic, Marin"]
[Black "Tomescu, Vlad"]
[Result "1/2-1/2"]
[WhiteElo "2135"]
[BlackElo "2432"]
[PlyCount "69"]
[EventDate "2002.10.31"]

1. e4 c5 2. Nf3 Nc6 3. Bb5 e6 4. O-O Nge7 5. Re1 a6 6. Bxc6 Nxc6 7. d4 cxd4 8.
Nxd4 d6 9. c4 Bd7 10. Nxc6 Bxc6 11. Qd4 Qf6 12. Qxf6 gxf6 13. Nc3 Be7 14. Bf4
b5 15. Nd5 Bxd5 16. cxd5 Kd7 17. Rac1 Rac8 18. Rxc8 Rxc8 19. Rc1 Rc4 20. Rxc4
bxc4 21. b3 f5 22. f3 Kc7 23. Be3 f4 24. Bd4 e5 25. Bc3 Kb6 26. Kf1 Kc5 27. Ke2
Bd8 28. Kd2 cxb3 29. axb3 Kb5 30. Kd3 Ba5 31. Bb2 Bb4 32. Bc1 h5 33. Bb2 Kc5
34. Bc1 f6 35. Bb2 1/2-1/2

[Event "Autunno Scacchistico Magistrale"]
[Site "Venezia ITA"]
[Date "2002.10.??"]
[Round "1"]
[White "Cacco, Christian"]
[Black "Artizzu, Giulio"]
[Result "1-0"]
[WhiteElo "2298"]
[BlackElo "2044"]
[PlyCount "89"]
[EventDate "2002.10.31"]

1. d4 Nf6 2. Nf3 g6 3. g3 Bg7 4. Bg2 O-O 5. O-O d6 6. Nbd2 Nc6 7. e4 e5 8. d5
Ne7 9. Ne1 c6 10. c4 b5 11. dxc6 Ba6 12. b3 Nxc6 13. Nc2 Nd7 14. Re1 Nc5 15.
Bf1 Nd4 16. Nxd4 exd4 17. cxb5 d3 18. Rb1 Bxb5 19. Bb2 Bxb2 20. Rxb2 f5 21. b4
Na4 22. Rb3 d5 23. e5 Rc8 24. Qf3 Nc3 25. Bxd3 Ne4 26. Qe2 Bc6 27. f3 Qb6+ 28.
Kg2 Ng5 29. e6 Rce8 30. e7 Rf7 31. h4 Rfxe7 32. Qxe7 Rxe7 33. Rxe7 Ne4 34. fxe4
fxe4 35. Be2 Kf8 36. Rxh7 Qd4 37. Nf1 Qe5 38. b5 Be8 39. Ne3 d4 40. Ng4 Qe6 41.
Ra3 d3 42. Raxa7 Qg8 43. Bd1 e3 44. Nxe3 Bxb5 45. Bb3 1-0

[Event "Autunno Scacchistico Magistrale"]
[Site "Venezia ITA"]
[Date "2002.10.??"]
[Round "1"]
[White "Cristiani, Cesare"]
[Black "Maksimenko, Andrei"]
[Result "1/2-1/2"]
[WhiteElo "2141"]
[BlackElo "2507"]
[PlyCount "121"]
[EventDate "2002.10.31"]

1. d4 Nf6 2. c4 e6 3. Nf3 d5 4. e3 a6 5. a3 dxc4 6. Bxc4 c5 7. dxc5 Qxd1+ 8.
Kxd1 Bxc5 9. b4 Be7 10. Bb2 Nbd7 11. Nbd2 O-O 12. Nb3 Nb6 13. Bd3 Bd7 14. Ke2
Na4 15. Bd4 Rfc8 16. Rhc1 Nd5 17. Ne5 Be8 18. Nc4 f6 19. f4 Bb5 20. Kd2 Rd8 21.
Ke2 Rac8 22. Nb2 Ndc3+ 23. Bxc3 Nxc3+ 24. Kd2 Ne4+ 25. Ke2 Nc3+ 26. Kd2 Ne4+
27. Ke2 Rxd3 28. Nxd3 Nc3+ 29. Kd2 Ne4+ 30. Ke1 Rd8 31. Ndc5 Nxc5 32. Nxc5 Bxc5
33. Rxc5 Rd3 34. a4 Bc6 35. Ke2 Rb3 36. Rc4 Kf7 37. e4 h5 38. Ra2 h4 39. Kf2
Rb1 40. h3 Kg6 41. f5+ exf5 42. exf5+ Kxf5 43. Rxh4 Be4 44. Re2 Rxb4 45. g4+
Kg5 46. Rh5+ Kf4 47. a5 Rb3 48. Rh8 Ra3 49. Rg8 g6 50. Rf8 f5 51. gxf5 Bxf5 52.
Re7 Ra2+ 53. Ke1 Rxa5 54. Rxb7 Ra3 55. h4 Ke3 56. Re7+ Kf4 57. Ra7 a5 58. Rfa8
Re3+ 59. Kd2 Rd3+ 60. Ke2 Re3+ 61. Kd2 1/2-1/2

[Event "Autunno Scacchistico Magistrale"]
[Site "Venezia ITA"]
[Date "2002.10.??"]
[Round "1"]
[White "Drazic, Sinisa"]
[Black "Ramesa, Marin"]
[Result "1/2-1/2"]
[WhiteElo "2465"]
[BlackElo "2137"]
[PlyCount "115"]
[EventDate "2002.10.31"]

1. c4 Nf6 2. Nc3 e6 3. e4 d5 4. e5 d4 5. exf6 dxc3 6. bxc3 Qxf6 7. d4 e5 8. Qe2
Be7 9. Qxe5 Qxe5+ 10. dxe5 Nc6 11. Nf3 f6 12. Nd4 Nxe5 13. Nb5 Kd8 14. f4 Nc6
15. Be3 a6 16. Nd4 Bd7 17. Be2 Re8 18. Kf2 Kc8 19. Nxc6 Bxc6 20. Bg4+ Bd7 21.
Bf3 Bc6 22. Bxc6 bxc6 23. Rab1 Rd8 24. Ke2 f5 25. g3 Bf6 26. Rb3 Rb8 27. Rhb1
Rxb3 28. Rxb3 g6 29. Ba7 Re8+ 30. Kd3 Rd8+ 31. Kc2 Re8 32. Kd3 Rd8+ 33. Ke2
Re8+ 34. Be3 Rd8 35. h3 h5 36. a4 Re8 37. h4 Rd8 38. Ba7 Re8+ 39. Kd3 Rd8+ 40.
Kc2 Re8 41. Kd2 Rd8+ 42. Ke2 Re8+ 43. Be3 Be7 44. Kd3 c5 45. Rb1 Bd6 46. Bd2
Rd8 47. Ke2 Re8+ 48. Be3 Re4 49. Kd3 Re8 50. Rb2 Rd8 51. Ke2 Re8 52. Rd2 Kd7
53. Kd3 Kc6 54. Rb2 Rd8 55. Ke2 Re8 56. a5 Rd8 57. Rb1 Re8 58. Kd3 1/2-1/2

[Event "Autunno Scacchistico Magistrale"]
[Site "Venezia ITA"]
[Date "2002.10.??"]
[Round "1"]
[White "Genocchio, Daniele"]
[Black "Navarro, Stefano"]
[Result "1-0"]
[WhiteElo "2345"]
[BlackElo "2126"]
[PlyCount "131"]
[EventDate "2002.10.31"]

1. e4 e5 2. Nf3 Nc6 3. Bb5 f5 4. Nc3 fxe4 5. Nxe4 d5 6. Nxe5 dxe4 7. Nxc6 Qg5
8. Qe2 Nf6 9. f4 Qxf4 10. d4 Qd6 11. Ne5+ c6 12. Bc4 Be6 13. Bf4 Bxc4 14. Qxc4
Qd5 15. c3 Qxc4 16. Nxc4 Rd8 17. O-O Be7 18. Bc7 Rd7 19. Be5 O-O 20. Rae1 c5
21. h3 cxd4 22. Bxd4 Re8 23. Rf5 b6 24. Ne3 h6 25. a4 Bd8 26. Re2 Nh7 27. Nc4
Bf6 28. Ne5 Bxe5 29. Rxe5 Rxe5 30. Bxe5 Ng5 31. Bd4 Re7 32. Kf2 Nf7 33. Rd2 Nd6
34. Be3 Nc4 35. Rd8+ Kf7 36. b3 Ne5 37. Rd6 Nd3+ 38. Ke2 Rc7 39. Kd2 Re7 40. a5
bxa5 41. Ra6 Rd7 42. Rxa7 Nc5+ 43. Rxd7+ Nxd7 44. Bd4 g6 45. Ke3 Ke6 46. Kxe4
h5 47. c4 Kd6 48. Kf4 Ke6 49. Kg5 Kf7 50. h4 Nb8 51. Bc3 Nc6 52. g3 Nd8 53.
Bxa5 Ne6+ 54. Kh6 Ng7 55. c5 Nf5+ 56. Kg5 Nxg3 57. c6 Ne4+ 58. Kf4 Nd6 59. Bb4
Nb5 60. Ke5 Na7 61. Kd6 Nc8+ 62. Kd7 Nb6+ 63. Kd8 Nd5 64. c7 Nxc7 65. Kxc7 Kf6
66. Kd7 1-0

[Event "Autunno Scacchistico Magistrale"]
[Site "Venezia ITA"]
[Date "2002.10.??"]
[Round "1"]
[White "Halmeenmaki, Tuomo"]
[Black "Viola, Matteo"]
[Result "1/2-1/2"]
[WhiteElo "2173"]
[BlackElo "1913"]
[PlyCount "81"]
[EventDate "2002.10.31"]

1. Nf3 f5 2. g3 Nf6 3. Bg2 g6 4. O-O Bg7 5. d4 d6 6. c4 O-O 7. Nc3 Nc6 8. d5
Ne5 9. Nxe5 dxe5 10. e4 f4 11. c5 g5 12. f3 h5 13. Ne2 b6 14. b4 a5 15. Bb2 Ne8
16. a3 bxc5 17. bxc5 Bd7 18. Qd2 Qc8 19. Nc1 Bb5 20. Rf2 Qa6 21. Bf1 fxg3 22.
hxg3 Bxf1 23. Rxf1 g4 24. f4 Qc4 25. Nd3 Qxe4 26. Nxe5 Nf6 27. Nc6 Rfe8 28.
Rad1 e6 29. Rfe1 Qxd5 30. Qxd5 Nxd5 31. Bxg7 Kxg7 32. f5 Kf6 33. fxe6 Rxe6 34.
Rf1+ Kg6 35. Rxd5 Rxc6 36. Rff5 Rb8 37. Rxh5 Rb1+ 38. Kf2 Rf6+ 39. Ke2 Rb2+ 40.
Ke1 Rb1+ 41. Ke2 1/2-1/2

[Event "Autunno Scacchistico Magistrale"]
[Site "Venezia ITA"]
[Date "2002.10.??"]
[Round "1"]
[White "Mileto, Gabriele"]
[Black "Faccia, Sergio"]
[Result "1-0"]
[WhiteElo "2210"]
[BlackElo "2017"]
[PlyCount "59"]
[EventDate "2002.10.31"]

1. e4 e5 2. Nf3 Nc6 3. Bb5 a6 4. Ba4 Nf6 5. O-O Be7 6. Re1 b5 7. Bb3 O-O 8. h3
d5 9. exd5 Nxd5 10. Nxe5 Nxe5 11. Rxe5 Nf6 12. d3 Bd6 13. Re1 Ng4 14. Qf3 Qh4
15. Re4 h5 16. Bd5 c6 17. Bb3 Bh2+ 18. Kf1 Be5 19. Qe2 Bd7 20. Nd2 Qf6 21. hxg4
Qh4 22. f4 Qh1+ 23. Kf2 Bxg4 24. Nf3 Bf6 25. Qe1 Bh4+ 26. Nxh4 Qxh4+ 27. Kg1
Qf6 28. Bd2 Qg6 29. Kh2 Rad8 30. Bb4 1-0

[Event "Autunno Scacchistico Magistrale"]
[Site "Venezia ITA"]
[Date "2002.10.??"]
[Round "1"]
[White "Molina, Fabrizio"]
[Black "Pegoraro, Nicola"]
[Result "1-0"]
[WhiteElo "2253"]
[BlackElo "2077"]
[PlyCount "63"]
[EventDate "2002.10.31"]

1. c4 e5 2. g3 g6 3. Bg2 Bg7 4. Nc3 Ne7 5. d3 d6 6. e4 Nbc6 7. Nge2 O-O 8. O-O
Be6 9. h3 Qd7 10. Kh2 f5 11. Nd5 Nd4 12. Nxd4 exd4 13. Nxe7+ Qxe7 14. exf5 Rxf5
15. Bxb7 Raf8 16. f4 Qd7 17. Bf3 R5f7 18. Re1 Kh8 19. Qe2 Re7 20. Bd2 Bf6 21.
Bg4 Bf5 22. Qf3 Qa4 23. Bxf5 gxf5 24. Rxe7 Bxe7 25. b3 Qa6 26. a4 Bf6 27. Qd5
Qc8 28. Re1 Re8 29. Qf7 Rf8 30. Qe6 Qb8 31. b4 Kg7 32. Qxf5 1-0

[Event "Autunno Scacchistico Magistrale"]
[Site "Venezia ITA"]
[Date "2002.10.??"]
[Round "1"]
[White "Opacic, Alexandar"]
[Black "Vancini, Edoardo"]
[Result "0-1"]
[WhiteElo "2088"]
[BlackElo "2285"]
[PlyCount "126"]
[EventDate "2002.10.31"]

1. e4 g6 2. d4 Bg7 3. Nc3 c6 4. Bc4 b5 5. Bb3 b4 6. Na4 d6 7. Be3 Nf6 8. f3
Nbd7 9. Qd2 Rb8 10. Ne2 Qc7 11. c3 a5 12. O-O Ba6 13. Rfe1 O-O 14. Bh6 c5 15.
Bxg7 Kxg7 16. Rac1 Qa7 17. c4 cxd4 18. Qxd4 Qxd4+ 19. Nxd4 Rfc8 20. f4 e5 21.
Nf3 exf4 22. e5 dxe5 23. Nxe5 Nc5 24. Nxc5 Rxc5 25. Nd3 Rf5 26. Bd1 Rd8 27. Ne5
Re8 28. Nf3 Rxe1+ 29. Nxe1 Rc5 30. b3 Rc7 31. Bf3 g5 32. Rd1 Rd7 33. Nd3 Bc8
34. Ne5 Rxd1+ 35. Bxd1 Ne4 36. Nc6 Nc3 37. Bc2 Kf6 38. Nxa5 Bf5 39. Bxf5 Kxf5
40. Nc6 Nxa2 41. c5 Ke6 42. Nd4+ Kd5 43. c6 Kd6 44. Kf2 Nc1 45. Kf3 Nd3 46. Ke4
Ne1 47. g3 f3 48. Ke3 g4 49. Kd2 f2 50. Ke2 Nd3 51. Kf1 Ne5 52. Kxf2 Nxc6 53.
Nf5+ Ke5 54. Ne3 h5 55. Nc4+ Kd4 56. Nd6 Ne5 57. Nb7 Nd3+ 58. Kg2 Nc5 59. Nd6
f6 60. Kf2 Ne4+ 61. Nxe4 Kxe4 62. Ke2 f5 63. Kf2 Kd3 0-1

[Event "Autunno Scacchistico Magistrale"]
[Site "Venezia ITA"]
[Date "2002.10.??"]
[Round "1"]
[White "Ramesa, Davor"]
[Black "Trabert, Bettina"]
[Result "1-0"]
[WhiteElo "2118"]
[BlackElo "2319"]
[PlyCount "57"]
[EventDate "2002.10.31"]

1. c4 c6 2. Nf3 d5 3. g3 Nf6 4. Bg2 e6 5. b3 Bd6 6. Bb2 O-O 7. O-O Qe7 8. d4
Nbd7 9. Nbd2 Ne4 10. Nxe4 dxe4 11. Ne5 f5 12. Qd2 Nf6 13. f3 Rd8 14. Qe3 c5 15.
Rad1 cxd4 16. Bxd4 exf3 17. exf3 Bd7 18. Rfe1 Be8 19. Kh1 Bh5 20. h3 Rf8 21. g4
Be8 22. Nd3 fxg4 23. fxg4 Bf7 24. Nc5 Rab8 25. Bxf6 gxf6 26. Nxe6 Rfe8 27. Bd5
Bb4 28. Qh6 Bxe6 29. Rxe6 1-0